US states containing specific letters #3 - Statistics

General Stats
  • This quiz has been taken 18 times
  • The average score is 31 of 37
Answer Stats
Amount Containing Answer % Correct
1 ABA Alabama
100%
1 CKY Kentucky
100%
2 MON Montana/Vermont
100%
1 EXI New Mexico
100%
1 EW Y New York
100%
1 TEX Texas
100%
1 T VI West Virginia
100%
3 NNE Connecticut/Minnesota/Tennessee
93%
3 RGI Georgia/Virginia/West Virginia
93%
1 INN Minnesota
93%
2 ISS Mississippi/Missouri
93%
2 DAK North Dakota/South Dakota
93%
1 KLA Oklahoma
93%
1 OMA Oklahoma
93%
2 UTH South Carolina/South Dakota
93%
1 SEE Tennessee
93%
1 UTA Utah
93%
1 IZO Arizona
87%
1 CTI Connecticut
87%
3 ANA Indiana/Louisiana/Montana
87%
1 IOW Iowa
87%
1 HIG Michigan
87%
1 ICH Michigan
87%
1 ISC Wisconsin
87%
1 VAD Nevada
80%
1 AMP New Hampshire
80%
1 SEY New Jersey
80%
1 YLA Maryland
73%
2 ORT North Carolina/North Dakota
67%
1 OMI Wyoming
67%
1 WAR Delaware
60%
1 SIA Louisiana
60%
1 TAN Montana
60%
1 RAS Nebraska
60%
1 NSI Wisconsin
60%
1 VAN Pennsylvania
40%
1 USE Massachusetts
33%
No matching quizzes found
Score Distribution
Percent of People with Each Score
Percentile by Number Answered
Your Score History
You have not taken this quiz